Statistics for Animals by Skeleton Image

Click here to take the quiz!

General Stats

  • This quiz has been taken 6,852 times
    (6,820 since last reset)
  • The average score is 11 of 16

Answer Stats

Answer % Correct
Elephant
98%
Pallid Bat
95%
Rattlesnake
95%
Giraffe
93%
Ostrich
92%
Squirrel Monkey
91%
Cattle
84%
Hippopotamus
78%
Dromedary Camel
76%
Dolphin
68%
California Sea Lion
52%
Magellenic Penguin
51%
Beaver
50%
Manta Ray
39%
Cheetah
33%
Cassowary
28%

Score Distribution

Percentile by Number Answered

Percent of People with Each Score

Your Score History

You have not taken this quiz since the last reset